000 01170naa a22003257a 4500
001 BR7803030
003 BR-BrBNA
005 20250714162941.0
007 ta
008 250630b bl.|||m| |||| 00| 0 por d
040 _aBR-BrBNA
_bpor
_cBiblioteca Nacional de Agricultura
041 _a(Pt)
072 _aE15; E70; F00
_b0120
_b0430
_bG514
090 _aE15 BR7803030
100 1 _aMelo, F.B.H. de
245 1 _aProdutividade da terra: os casos de milho e algodao no estado de Sao Paulo [Zea mays, Gossypium hirsutum, custo de producao]
500 _aEstudos sobre a modernizacao da agricultura brasileira Sao Paulo, SP (Brasil): 1977. p. 57-106 [8 tables; 36 ref.] (BR7803030-AMS)
773 0 _tEstudos sobre a modernizacao da agricultura brasileira
_b
_wE15 BR7803030
_gSao Paulo, SP (Brasil), 1977. p. 57-106
650 _aCOMERCIALIZACAO
650 _aMILHO
650 _aALGODAO
650 _aCUSTO DE PRODUCAO
650 _aPRODUTIVIDADE
650 _aMERCADO
650 _aDESENVOLVIMENTO AGRICOLA
650 _aSAO PAULO
490 _aSerie IPE. Monografias (Brazil)
_vno. 9
942 _cAMS
_2AGRIS
909 _a202506
_bLúcia
_c55
_dLúcia Elande
999 _c333084
_d333084